000
00322nam a2200133Ia 4500
008
150201s2005 xx 000 0 und d
082
_a
616.3
_b
F05M
100
_a
MALTHOTRA,RAJESH
245
_a
TB OF FRACTURES AND DILOCATIONS
250
_a
1ST
260
_b
PEEPEE
_a
DELHI
_c
2005
650
_a
ORTHOPAEDICS
942
_2
ddc
_c
BK
999
_c
666
_d
666